Southville International School and Colleges
Your cart is empty.
  • Cart
  • Lists
    Public lists Eva Luna New books Lux_list list_1
    Your lists Log in to create your own lists
  • Log in to your account
  • Your cookies
  • Search history
Southville International School and Colleges
  • Advanced search
  • Recent comments
  • Most popular
  • Libraries

Log in to your account

Log in with GOOGLE


If you do not have an external account, but do have a local account, you can still log in:

  1. Home
  2. MARC view: Algebra for college students
Normal view MARC view ISBD view

Algebra for college students (Record no. 284475)

[ view plain ]
MARC details
000 -LEADER
fixed length control field 00748nam a22002177a 4500
003 - CONTROL NUMBER IDENTIFIER
control field PILC
005 - DATE AND TIME OF LATEST TRANSACTION
control field 20160107144809.0
008 - FIXED-LENGTH DATA ELEMENTS--GENERAL INFORMATION
fixed length control field 150528b xxu||||| |||| 00| 0 eng d
010 ## - LIBRARY OF CONGRESS CONTROL NUMBER
LC control number 2007035865
020 ## - INTERNATIONAL STANDARD BOOK NUMBER
International Standard Book Number 0071249982
020 ## - INTERNATIONAL STANDARD BOOK NUMBER
International Standard Book Number 9780071249980
050 00 - LIBRARY OF CONGRESS CALL NUMBER
Classification number QA 152.3
Item number .D837 2006
100 1# - MAIN ENTRY--PERSONAL NAME
Personal name Dugopolski, Mark.
245 10 - TITLE STATEMENT
Title Algebra for college students
Statement of responsibility, etc Mark Dugopolski.
250 ## - EDITION STATEMENT
Edition statement Fourth edition, International edition.
300 ## - PHYSICAL DESCRIPTION
Extent 1 volume (various pagings) :
Other physical details illustrations ;
Dimensions 22 cm.
440 #0 - SERIES STATEMENT/ADDED ENTRY--TITLE
Title McGraw-Hill international editions
500 ## - GENERAL NOTE
General note Reprint. Originally published: Boston : McGraw-Hill Higher Education, 2006.
650 #0 - SUBJECT ADDED ENTRY--TOPICAL TERM
Topical term or geographic name as entry element Algebra
Form subdivision Textbooks.
942 ## - ADDED ENTRY ELEMENTS (KOHA)
Source of classification or shelving scheme Library of Congress Classification
Koha item type Books
Classification part QA 152.3 .D837 2006
Holdings
Withdrawn status Lost status Source of classification or shelving scheme Damaged status Home library Current library Shelving location Date acquired Source of acquisition Total Checkouts Full call number Barcode Date last seen Date checked out Price effective from Koha item type
    Library of Congress Classification   Luxembourg Library Luxembourg Library International Baccalaureate Section 05/28/2015 Library Fund 3 QA152.3 .D837 2006 IB0092 06/20/2019 05/25/2017 05/28/2015 Books

Algebra for college students

APA

Dugopolski M., .Algebra for college students. : .

Chicago

Dugopolski Mark, .Algebra for college students. : .

Harvard

Dugopolski M., .Algebra for college students. : .

MLA

Dugopolski Mark, .: . .

  • Place hold
  • Print
  • Cite
  • Add to your cart (remove)
  • Save record
    BIBTEX Dublin Core MARCXML MARC (non-Unicode/MARC-8) MARC (Unicode/UTF-8) MARC (Unicode/UTF-8, Standard) MODS (XML) RIS
  • More searches
    Search for this title in:
    Other Libraries (WorldCat) Other Databases (Google Scholar) Online Stores (Bookfinder.com) Open Library (openlibrary.org)

Exporting to Dublin Core...

SOUTHVILLE LIBRARY

Southville International School and Colleges Library

1281 Tropical Ave. Cor. Luxembourg St., BF Homes International, Las Pinas City

Tel. No. 8256374 / 252358 Loc. 117/146

Powered by Koha